| 000 | 00506nam a2200181Ia 4500 | ||
|---|---|---|---|
| 999 |
_c36253 _d36253 |
||
| 003 | OSt | ||
| 005 | 20201218114001.0 | ||
| 008 | 190216s9999||||xx |||||||||||||| ||und|| | ||
| 020 | _a9780582063297 | ||
| 040 | _coclc | ||
| 082 |
_a423 _bLON/L |
||
| 100 |
_aLongman _96666 |
||
| 245 | 0 |
_aLongman Active Study Dictionary Of English / _cLongman |
|
| 260 |
_bLongmans, _c1991. _aEngland: |
||
| 300 | _a784p | ||
| 650 | _aEnglish Dictionary | ||
| 942 |
_cREF _2ddc _h423 _iLON/L _k423 _mLON/L |
||